Estadísticas para Países Católicos en Europa

Haz click aquí para intentar la prueba.

Estadísticas generales

  • Esta prueba ha sido intentada 2.835 veces
  • La puntuación promedio es 14 de 17

Estadísticas de respuestas

#%País% Correcto
32.4 mEspaña
100%
50.4 m83.0Italia
98%
50.0 mFrancia
97%
100Ciudad del Vaticano
95%
23.6 mAlemania
91%
8.92 m84.5Portugal
91%
33.0 m85.8Polonia
87%
90.5San Marino
84%
88.2Andorra
80%
6.50 mBélgica
80%
82.3Mónaco
78%
78.3Irlanda
77%
5.70 mReino Unido
77%
5.17 mAustria
76%
88.6Malta
68%
86.3Croacia
61%
4.32 mHungría
61%

Distribución de puntuación

Porcentaje por número respondido

Porcentaje de gente con cada puntuación

Historial de tus puntuaciones

No has intentado esta prueba.